Betriebswirtschaftslehre des Handels

Gespeichert in:
Bibliographische Detailangaben
1. Verfasser: Barth, Klaus
Weitere Verfasser: Hartmann, Michaela, Schröder, Hendrik
Format: Buch
Sprache:Deutsch
Veröffentlicht: Wiesbaden Gabler Verlag 2007
Ausgabe:6. überarb. Aufl.
Schlagworte:
Tags: Tag hinzufügen
Keine Tags, Fügen Sie das erste Tag hinzu!

MARC

LEADER 00000nam$a2200000$$$4500
001 0065980
005 20240226134013.5
020 |a 978-3-8349-0267-2 
041 0 |a ger 
044 |a DE 
245 1 0 |a Betriebswirtschaftslehre des Handels  |c Klaus Barth, Michaela Hartmann, Hendrik Schröder 
250 |a 6. überarb. Aufl. 
264 1 |a Wiesbaden  |b Gabler Verlag  |c 2007 
300 |a 493 s. 
610 2 0 |a obchod 
610 2 0 |a hospodárstvo podnikové 
610 2 0 |a obchod vnútorný 
610 2 0 |a inštitúcie verejnoprávne 
610 2 0 |a podnik obchodný 
610 2 0 |a výskum 
610 2 0 |a inovácia 
610 2 0 |a formy podnikov 
610 2 0 |a výkony podnikové 
610 2 0 |a veľkoobchod 
610 2 0 |a maloobchod 
100 1 |a Barth, Klaus 
700 1 |a Hartmann, Michaela 
700 1 |a Schröder, Hendrik